[Event "Biel op"]
[Site "Biel"]
[Date "1994.??.??"]
[Round "7"]
[White "Gipslis, Aivars"]
[Black "Edelman, Daniel"]
[Result "0-1"]
[WhiteElo "2485"]
[BlackElo "2415"]

1.e4 c5 2.Nf3 Nc6 3.Nc3 d6 4.d4 cxd4 5.Nxd4 Nf6 6.Be3 Ng4 7.Bb5 Nxe3 8.fxe3 Bd7
9.O-O e6 10.Bxc6 bxc6 11.e5 Be7 12.exd6 Bxd6 13.Qh5 O-O 14.Ne4 Be7 15.Rad1 Qb6
16.Rf3 c5 17.Rh3 h6 18.Rg3 Kh8 19.Nf3 Be8 20.Qg4 Qxb2 21.c3 Rg8 22.Qf4 Rd8
23.Rf1 Qb8 24.Ne5 f6 25.Nc4 Qxf4 26.exf4 Bb5 27.Ned2 Rxd2 28.Nxd2 Bxf1 29.Kxf1 Bd6
30.Rf3 Rb8 31.Nc4 Rb1+ 32.Ke2 Bc7 33.Re3 Bxf4 34.Rxe6 Bxh2 35.Rc6 Rg1 36.Ne3 Bf4
37.Nd5 Be5 38.Kf3 Ra1 39.Ra6 Rc1 40.Rxa7 Bxc3 41.a4 Bd4 42.a5 c4 43.Rc7 c3
44.Ke4 Be5 45.Rc5 Kh7 46.Ne3 Ra1 47.Kd3 Ra2 48.Nc4 c2 49.Nd2 c1=Q 50.Rxc1 Bf4
51.Rc2 Ra3+ 52.Rc3 Rxa5 53.Nf3 Ra2 54.g4 Rg2 55.Ke4 Be5 56.Nxe5 Re2+ 57.Kf4 Rxe5
58.Rc8 Kg6 59.Rc7 h5 60.Rc8 hxg4 61.Kxg4 Re4+ 62.Kf3 Ra4 63.Rc7 f5 64.Rb7 Kf6
65.Kg3 g6 66.Rb3 Kg5 67.Rc3 Re4 68.Kf3 Rh4 69.Rc6 Rh3+ 70.Kg2 Ra3 71.Rb6 f4
72.Rc6 Kf5 73.Kh2 g5 74.Rc2 Re3 75.Ra2 Kg4 76.Rg2+ Kh4 77.Ra2 g4 78.Rb2 f3
79.Kg1 Re1+ 80.Kf2 Re2+ 81.Rxe2 fxe2 82.Kxe2 Kg3  0-1

[Event "DLM"]
[Site "Binz"]
[Date "1994.??.??"]
[Round "7"]
[White "Kuehn, Peter"]
[Black "Richter, Sergio"]
[Result "1/2-1/2"]
[WhiteElo "2230"]
[BlackElo "2165"]

1.e4 c5 2.Nc3 Nc6 3.Nge2 Nf6 4.d4 cxd4 5.Nxd4 e5 6.Ndb5 d6 7.Bg5 a6 8.Na3 b5
9.Nd5 Be7 10.Bxf6 Bxf6 11.c3 Bb7 12.Nc2 Ne7 13.Nxe7 Qxe7 14.Qd3 Bg5 15.g3 d5
16.Bg2 dxe4 17.Bxe4 Rd8 18.Qf3 Bxe4 19.Qxe4 O-O 20.O-O Rd2 21.h4 f5 22.Qb4 Bf6
23.Qb3+ Kh8 24.Rfd1 Rfd8 25.Ne3 Qa7 26.Rxd2 Rxd2 27.Rd1 Rxd1+ 28.Qxd1 f4
29.Qd6 Be7 30.Qe6 h6 31.gxf4 exf4 32.Qc8+ Kh7 33.Qf5+ Kg8 34.Qxf4 Qb6 35.Qe5 Qg6+
36.Qg3 Qb1+ 37.Kg2 Qxa2 38.Qg6 Bf6 39.Ng4 Qd5+ 40.f3 Qd2+ 41.Kh3 Qd7 42.Kg2  1/2-1/2

[Event "Bled op"]
[Site "Bled"]
[Date "1994.??.??"]
[Round "?"]
[White "Podlesnik, Bogdan"]
[Black "Sveshnikov, Evgeny"]
[Result "1/2-1/2"]
[WhiteElo "2400"]
[BlackElo "2585"]

1.e4 c5 2.Nf3 Nc6 3.Nc3 e5 4.Bc4 Be7 5.d3 Nf6 6.Nd2 d6 7.Nf1 Bg4 8.f3 Be6
9.Ne3 O-O 10.O-O Ne8 11.Ncd5 Bg5 12.g3 Bxe3+ 13.Bxe3 Nc7 14.f4 Bxd5 15.Bxd5 Nxd5
16.exd5 Ne7 17.fxe5 Nxd5 18.Bf2 b6 19.c4 Nb4 20.exd6 Qxd6 21.d4 cxd4 22.Qxd4 Qxd4
23.Bxd4 Rfd8 24.Bf2 f6 25.Rfd1 Nd3 26.b3 Kf7 27.Kf1 g5 28.h3 f5 29.Rd2 Nxf2
30.Rxf2 Kf6 31.Kg1 Rac8 32.Re1 Rd3 33.Kg2 Rcd8 34.Rfe2 Rd2 35.Kf1 Rxe2 36.Rxe2 h5
37.Kf2 Rd4 38.Ke3 Rd1 39.Kf2 Rd3 40.Re3 Rd4 41.Re8 h4 42.Ke3 Rd1 43.Rf8+ Ke6
44.gxh4 gxh4 45.Re8+ Kf6 46.Rf8+ Ke6 47.Re8+  1/2-1/2

[Event "Bled op"]
[Site "Bled"]
[Date "1994.??.??"]
[Round "?"]
[White "Drozdov, Igor"]
[Black "Waller, Helmut"]
[Result "1-0"]
[WhiteElo "2410"]
[BlackElo "2150"]

1.e4 c5 2.Nf3 Nc6 3.Nc3 e5 4.Bc4 d6 5.d3 Be7 6.O-O Nf6 7.Ng5 O-O 8.f4 h6
9.Nf3 Bg4 10.f5 Nd4 11.Kh1 a6 12.a4 b6 13.Nd5 Kh8 14.Nxf6 Bxf6 15.c3 Bxf3
16.gxf3 Nc6 17.f4 Ne7 18.Qh5 Ng8 19.Bxf7 Ra7 20.Be6 exf4 21.Bxf4 Be5 22.Be3 Nf6
23.Qh3 d5 24.d4 cxd4 25.cxd4 Bb8 26.e5 Ne4 27.Qg2 Re8 28.Rac1 Rc7 29.Rxc7 Bxc7
30.Qg6 Re7 31.f6 gxf6 32.exf6 Rh7 33.f7  1-0

[Event "Bucharest-A"]
[Site "Bucharest"]
[Date "1994.??.??"]
[Round "?"]
[White "Istratescu, Andrei"]
[Black "Grigore, George"]
[Result "1/2-1/2"]
[WhiteElo "2505"]
[BlackElo "2455"]

1.e4 c5 2.Nf3 Nc6 3.Nc3 e5 4.Bc4 d6 5.d3 Be7 6.Nd2 Nf6 7.Nf1 O-O 8.Ne3 Be6
9.O-O Nd4 10.Ncd5 b5 11.Nxf6+ Bxf6 12.Nd5 Rc8 13.c3 Nc6  1/2-1/2

[Event "Bucharest-B"]
[Site "Bucharest"]
[Date "1994.??.??"]
[Round "?"]
[White "Moldovan, Daniel"]
[Black "Bobu, Adrian"]
[Result "1-0"]
[WhiteElo "2405"]
[BlackElo "2335"]

1.e4 c5 2.Nc3 Nc6 3.Nge2 d6 4.d4 cxd4 5.Nxd4 a6 6.Be3 Nf6 7.Be2 e6 8.f4 Be7
9.Qd2 Qc7 10.O-O-O Bd7 11.g4 Nxd4 12.Bxd4 Bc6 13.Bf3 O-O-O 14.g5 Ne8 15.Qf2 d5
16.exd5 Bd7 17.Kb1 Qxf4 18.dxe6 Bc6 19.Bxc6 Qxf2 20.Bd7+ Kb8 21.Bxf2 fxe6
22.Bxe6 Rxd1+ 23.Rxd1 Bxg5 24.Bg3+ Ka8 25.Ne4 Bf6 26.Rd7 Rf8 27.Rf7 Be7 28.Rxf8 Bxf8
29.Bd7  1-0

[Event "Bucharest-B (Women)"]
[Site "Bucharest"]
[Date "1994.??.??"]
[Round "?"]
[White "Marin Ionescu, Luiza"]
[Black "Teodorescu, Margareta"]
[Result "0-1"]
[WhiteElo "2115"]
[BlackElo "2095"]

1.e4 c5 2.Nf3 Nc6 3.Nc3 g6 4.d4 cxd4 5.Nxd4 Bg7 6.Be3 Nf6 7.Nxc6 bxc6 8.e5 Nd5
9.Nxd5 cxd5 10.Qxd5 Rb8 11.Bxa7 Rxb2 12.Bd4 Rxc2 13.Bd3 e6 14.Qa8 Rc6 15.Bb5 Rc2
16.O-O O-O 17.Rac1 Qc7 18.Rxc2 Qxc2 19.f4 d6 20.Qa7 Qe4 21.Kh1 Bb7 22.Rf2 Qb1+
23.Bf1 Ra8 24.Qb6 Qxb6 25.Bxb6 dxe5 26.fxe5 Bxe5 27.Bb5 Rb8 28.Re2 Bf6 29.a4 Bxg2+
30.Kxg2 Rxb6 31.Rc2 Rb7 32.Rc8+ Kg7 33.h3 Bd4 34.Kf3 Kf6 35.Rc4 Ke5 36.Rb4 Bc5
37.Rb1 Ra7 38.Rd1 h5 39.Bd7 Bb4 40.Be8 Kf6 41.Rd4 Ba5 42.Rf4+ Kg7 43.Rc4 Rc7
44.Rxc7 Bxc7 45.Ke3 Kf8 46.Bb5 Ke7 47.Kf3 g5 48.Be2 f5 49.Kg2 g4 50.hxg4 hxg4
51.Bb5 Kd6 52.Ba6 Ke5 53.Bc8 f4 54.Bd7 Ba5 55.Kf2 Kf5 56.Bc8 f3 57.Bd7  0-1

[Event "Bucharest-B (Women)"]
[Site "Bucharest"]
[Date "1994.??.??"]
[Round "?"]
[White "Marin Ionescu, Luiza"]
[Black "Dekusar, Maria"]
[Result "1/2-1/2"]
[WhiteElo "2115"]
[BlackElo "2135"]

1.e4 c5 2.Nf3 Nc6 3.Nc3 g6 4.d4 cxd4 5.Nxd4 Bg7 6.Be3 Nf6 7.Nxc6 bxc6 8.e5 Ng8
9.f4 Nh6 10.Bd3 d5 11.Ne2 O-O 12.Bc5 f6 13.exf6 Rxf6 14.O-O Nf5 15.c3 Rf7
16.Qd2 e5 17.fxe5 Bxe5 18.Rae1 Bd6 19.Bxd6 Qxd6 20.Nd4 Bd7 21.Bxf5 Bxf5 22.Nxf5 gxf5
23.Rf3 f4 24.Qd4 c5 25.Qe5 Qxe5 26.Rxe5 Rb8 27.Rf2 Rfb7 28.b3 c4 29.Rg5+ Kh8
30.bxc4 Rb1+ 31.Rf1 dxc4 32.Ra5 R1b2 33.Rxf4 Rc2 34.Rxa7 Rb1+ 35.Rf1 Rxf1+
36.Kxf1 Rxc3 37.a4 Rc2 38.h4 c3 39.h5 h6 40.Rc7 Ra2 41.Rxc3 Rxa4 42.Kf2 Kg7
43.Rf3 Rb4 44.Kg3 Rb1 45.Kg4 Ra1  1/2-1/2

[Event "Bucharest-B (Women)"]
[Site "Bucharest"]
[Date "1994.??.??"]
[Round "?"]
[White "Marin Ionescu, Luiza"]
[Black "Ivanova, Svetlana"]
[Result "0-1"]
[WhiteElo "2115"]
[BlackElo "2080"]

1.e4 c5 2.Nf3 Nc6 3.Nc3 d6 4.d4 cxd4 5.Nxd4 e5 6.Nf3 h6 7.h3 Be6 8.Be2 Nf6
9.O-O Be7 10.b3 O-O 11.Bb2 Rc8 12.Re1 a6 13.Bf1 Qa5 14.Qd2 Rfd8 15.Rad1 Nh7
16.a4 Ng5 17.Nh2 Nh7 18.Ng4 Bg5 19.Ne3 Nf6 20.g3 Nd4 21.Kg2 h5 22.f4 exf4
23.gxf4 Bxf4 24.Qxd4 Be5 25.Qd2 Bxc3 26.Bxc3 Qxc3 27.Qxc3 Rxc3 28.Rd4 d5
29.Bd3 Rcc8 30.e5 Ne4 31.Rd1 Nc3 32.Rd2 Re8 33.Kg3 g6 34.Bf1 Ne4+ 35.Kf4 g5+
36.Kf3 Nxd2+ 37.Rxd2 Rc3 38.Kf2 Kg7 39.Bg2 Rd8 40.Bf1 Rdc8  0-1

[Event "Ciocaltea mem"]
[Site "Bucharest"]
[Date "1994.??.??"]
[Round "3"]
[White "Moldovan, Daniel"]
[Black "Marin, Mihail"]
[Result "1/2-1/2"]
[WhiteElo "2405"]
[BlackElo "2530"]

1.e4 c5 2.Nc3 Nc6 3.Nge2 g6 4.d4 cxd4 5.Nxd4 Bg7 6.Be3 d6 7.Bc4 Nf6 8.h3 O-O
9.Bb3 Na5 10.O-O b6 11.Qd3 Bb7 12.Bd5 Qd7 13.Bxb7 Qxb7 14.Rad1 Rac8 15.Rfe1 Nc4
16.Bc1 b5 17.b3 b4 18.Nd5 Nxd5 19.exd5 Ne5 20.Qe4 f5 21.Qe2 Qxd5 22.Nxf5 Nf3+
23.Qxf3 Qxf5 24.Qxf5 Rxf5 25.Rxe7 Rxc2  1/2-1/2

[Event "ROM-ch"]
[Site "Bucharest"]
[Date "1994.??.??"]
[Round "3"]
[White "Nisipeanu, Liviu Dieter"]
[Black "Grigore, George"]
[Result "1-0"]
[WhiteElo "2420"]
[BlackElo "2440"]

1.e4 c5 2.Ne2 Nc6 3.Nbc3 g6 4.d4 cxd4 5.Nxd4 Bg7 6.Be3 Nf6 7.Bc4 O-O 8.Bb3 Qa5
9.O-O d6 10.h3 Bd7 11.Qe1 Qh5 12.Rd1 Na5 13.Nde2 Nxb3 14.axb3 Bc6 15.f3 Rfd8
16.b4 a6 17.Nf4 Qe5 18.Qd2 e6 19.Nd3 Qh5 20.Kh2 h6 21.g4 Qh4 22.Bf2 Qg5 23.Qe1 Ne8
24.Bh4 Bxc3 25.bxc3 Qb5 26.Bxd8 Rxd8 27.Qh4 Rc8 28.Qxh6 Qc4 29.h4 Qb3 30.h5 Qxc2+
31.Kg3 gxh5 32.gxh5 Qxc3 33.Rg1 Qh8 34.Kh2+ Ng7 35.Rxg7+  1-0

[Event "ROM-ch"]
[Site "Bucharest"]
[Date "1994.??.??"]
[Round "10"]
[White "Istratescu, Andrei"]
[Black "Nisipeanu, Liviu Dieter"]
[Result "1/2-1/2"]
[WhiteElo "2515"]
[BlackElo "2420"]

1.e4 c5 2.Nf3 Nc6 3.Nc3 d6 4.d4 cxd4 5.Nxd4 Nf6 6.Bc4 Bd7 7.Bb3 g6 8.f3 Bg7
9.Be3 O-O 10.Qd2 Rc8 11.O-O-O Ne5 12.h4 h5 13.Bg5 Rc5 14.g4 hxg4 15.f4 Nc4
16.Qe2 b5 17.f5 Qa5 18.Bxf6 Bxf6 19.Qxg4 Kg7 20.Rh3  1/2-1/2

[Event "Schneider mem"]
[Site "Budapest"]
[Date "1994.??.??"]
[Round "?"]
[White "Szuk, Balazs"]
[Black "Heiligermann, Gbor"]
[Result "1/2-1/2"]
[WhiteElo "2370"]
[BlackElo "2225"]

1.e4 c5 2.Nc3 Nc6 3.Nge2 g6 4.d4 cxd4 5.Nxd4 Bg7 6.Nb3 d6 7.Be2 Nf6 8.O-O O-O
9.Bg5 h6 10.Bh4 g5 11.Bg3 e5 12.f3 Be6 13.Bf2 b6 14.h4 d5 15.hxg5 hxg5 16.Qd2 d4
17.Nd1 g4 18.Qe1 Qd7 19.Bh4 Nh5 20.Nf2 gxf3 21.Bxf3 Nf4 22.Nd3 Ng6 23.Bg5 Nce7
24.Rd1 Rae8 25.c3 f6 26.Bd2 f5 27.cxd4 fxe4 28.Bxe4 Bxb3 29.Rxf8+ Rxf8 30.axb3 Qxd4+
31.Qe3 Rd8  1/2-1/2

[Event "Budapest FS06 IM-B+"]
[Site "Budapest"]
[Date "1994.??.??"]
[Round "1"]
[White "Cicak, Slavko"]
[Black "Licina, Anita"]
[Result "1-0"]
[WhiteElo "2310"]
[BlackElo "2125"]

1.e4 c5 2.Nf3 Nc6 3.Nc3 Nf6 4.d4 cxd4 5.Nxd4 d6 6.Be2 e5 7.Nf3 h6 8.O-O Be7
9.h3 O-O 10.Re1 Be6 11.Bf1 Nb8 12.a4 Nbd7 13.a5 Nc5 14.b4 Na6 15.Ba3 Nc7
16.Na4 Nd7 17.c4 b6 18.b5 Ne8 19.a6 Qc7 20.Rc1 g6 21.Nc3 Nef6 22.Nd5 Bxd5
23.cxd5 Nc5 24.Nd2 Rac8 25.Nb3 Qd8 26.Bd3 Nfd7 27.Na1 Bg5 28.Rc4 Qe7 29.Nc2 Rfd8
30.Nb4 Nb8 31.g3 h5 32.h4 Bh6 33.Bf1 Rf8 34.Nc6 Nxc6 35.dxc6 Rcd8 36.Qd5 Kg7
37.Rd1 Qc7 38.Bb2 Qe7 39.f4 f6 40.f5 g5 41.hxg5 Bxg5 42.Bc1 Rh8 43.Bxg5 fxg5
44.Rc2 Rh6 45.Bc4 Rf8 46.Rh2 g4 47.f6+ Rhxf6 48.Rxh5 Rg6 49.Rf5 Re6 50.Rdf1 Rxf5
51.exf5 Rh6 52.f6+ Rxf6 53.Qg8+ Kh6 54.Qh8+ Kg5 55.Qxf6+  1-0

[Event "Budapest FS03 GM"]
[Site "Budapest"]
[Date "1994.??.??"]
[Round "2"]
[White "Lengyel, Bela"]
[Black "Horvath, Jozsef"]
[Result "0-1"]
[WhiteElo "2345"]
[BlackElo "2515"]

1.e4 c5 2.Nf3 Nc6 3.Nc3 e6 4.Be2 Nf6 5.O-O a6 6.d4 cxd4 7.Nxd4 Qc7 8.Be3 Bb4
9.Na4 O-O 10.Nxc6 bxc6 11.f4 Be7 12.Bd3 c5 13.c4 d6 14.Nc3 Bb7 15.Qc2 Rad8
16.Rae1 Rfe8 17.Bc1 Nd7 18.Re3 Nf8 19.Rh3 Bf6 20.Nd1 Ng6 21.Qe2 Bd4+ 22.Kh1 f5
23.Qh5 Nf8 24.exf5 exf5 25.Ne3 g6 26.Qd1 Qf7 27.Qc2 Nd7 28.Nd5 Nf6 29.Bd2 Nxd5
30.cxd5 Bxd5 31.Bxa6 Ra8 32.Bb5 Bxg2+  0-1

[Event "Budapest FS05 IM"]
[Site "Budapest"]
[Date "1994.??.??"]
[Round "3"]
[White "Drozdov, Igor"]
[Black "Varga, Peter"]
[Result "1/2-1/2"]
[WhiteElo "2410"]
[BlackElo "2330"]

1.e4 c5 2.Nf3 Nc6 3.Nc3 d6 4.d4 cxd4 5.Nxd4 Nf6 6.Be2 e5 7.Nf3 h6 8.O-O Be7
9.Re1 O-O 10.h3 Be6 11.Bf1 Nb8 12.b3 a6 13.a4 Nbd7 14.Bb2 Rc8 15.Nd2 Nc5
16.a5 Re8 17.Qf3 Bf8 18.Red1 Qc7 19.Nc4 Qc6 20.Nb6 Rcd8 21.Re1 Nh7 22.Qe3 Ng5
23.Rad1 Nd7 24.Nbd5 f5 25.exf5 Bxf5 26.Bc4 Kh8 27.Qe2 Ne6 28.Ne3 Nf4 29.Qf1 Bg6
30.g3 Ne6 31.Bd5 Qc7 32.Qc4 Qxc4 33.bxc4 Nd4 34.Ne2 Nc6 35.Bc3  1/2-1/2

[Event "Budapest FS04 IM (Women)"]
[Site "Budapest"]
[Date "1994.??.??"]
[Round "4"]
[White "Koglin, Anke"]
[Black "Krizsan Bilek, Gyulane"]
[Result "1-0"]
[WhiteElo "2200"]
[BlackElo "2125"]

1.Nc3 c5 2.e4 Nc6 3.Nf3 g6 4.d4 cxd4 5.Nxd4 Bg7 6.Nb3 d6 7.Be2 Nf6 8.Be3 O-O
9.f4 a5 10.a3 Be6 11.O-O Bxb3 12.cxb3 Rc8 13.Kh1 h5 14.Bg1 Bh6 15.Bc4 Kh7
16.Qe2 Nd7 17.Rad1 Qe8 18.Nd5 Bg7 19.Rf3 e5 20.f5 Nd4 21.Bxd4 exd4 22.Rdf1 Rc5
23.Bb5 d3 24.Bxd3 Qe5 25.Bb5 Nf6 26.Nxf6+ Bxf6 27.Bd3 g5 28.R3f2 b5 29.b4 axb4
30.axb4 Rc7 31.Bxb5 Rb8 32.Bc4 Rxb4 33.b3 h4 34.g3 hxg3 35.hxg3  1-0

[Event "Budapest FS02 IM-B+"]
[Site "Budapest"]
[Date "1994.??.??"]
[Round "5"]
[White "Farago, Sandor"]
[Black "Menacher, Manfred"]
[Result "1-0"]
[WhiteElo "2390"]
[BlackElo "2340"]

1.e4 c5 2.Nf3 Nc6 3.Nc3 d6 4.d4 cxd4 5.Nxd4 Nf6 6.Be2 e6 7.Be3 a6 8.Qd2 Qc7
9.f4 Nxd4 10.Qxd4 Be7 11.O-O-O b5 12.a3 Rb8 13.g4 e5 14.Qd3 Bxg4 15.Rhg1 b4
16.axb4 Bxe2 17.Qxe2 Qb7 18.Rxg7 Qxb4 19.Qxa6 Qxb2+ 20.Kd2 Qb4 21.Qc6+ Kf8
22.fxe5 Nxe4+ 23.Qxe4 Qxe4 24.Nxe4 Kxg7 25.Rg1+ Kf8 26.exd6 Rd8 27.Bc5 Rd7
28.Ke2 Bd8 29.c4 Rg8 30.Rxg8+ Kxg8 31.Kd3 f5 32.Ng3 f4 33.Nf5 Kf7 34.Ke4 f3
35.Kxf3 Ke6 36.Ke4 Rf7 37.Nd4+ Kd7 38.Kd5 Rg7 39.Ne6 Rg2 40.Bd4 Rxh2 41.c5 Rc2
42.Nxd8 Kxd8 43.c6 Rd2 44.Ke4 h5 45.Bf6+ Kc8 46.Ke5 h4 47.Bxh4 Re2+ 48.Kf5  1-0

[Event "Budapest FS05 IM"]
[Site "Budapest"]
[Date "1994.??.??"]
[Round "6"]
[White "Drozdov, Igor"]
[Black "Pikler, Tamas"]
[Result "1-0"]
[WhiteElo "2410"]
[BlackElo "2210"]

1.e4 c5 2.Nf3 Nc6 3.Nc3 d6 4.d4 cxd4 5.Nxd4 Nf6 6.Be2 e5 7.Nf3 h6 8.O-O Be7
9.Re1 O-O 10.h3 Be6 11.Bf1 Qa5 12.Bd2 Qd8 13.Bc1 Qa5 14.a3 a6 15.Rb1 Rfc8
16.b4 Qd8 17.Nd5 Bxd5 18.exd5 Nb8 19.c4 Nbd7 20.Be3 Bf8 21.Qb3 Kh8 22.Rbc1 b6
23.Qa2 Ra7 24.Nd2 a5 25.Qb3 axb4 26.axb4 Rca8 27.Nb1 Nh5 28.Nc3 f5 29.Nb5 Ra2
30.Rc2 R2a4 31.Rb2 Nhf6 32.Qc2 f4 33.Bd2 Ne8 34.Qf5 Ndf6 35.g3 fxg3 36.fxg3 Ra2
37.Rxa2 Rxa2 38.Be3 Qd7 39.Bd3 Qxf5 40.Bxf5 Rb2 41.Rb1 Rxb1+ 42.Bxb1 Nd7
43.Bf5 Nef6 44.Na7 g5 45.Nc8 b5 46.cxb5 Nb8 47.Be6 Kg7 48.b6 Nfd7 49.b7 Kf6
50.Nb6  1-0

[Event "Papp Bela mem"]
[Site "Budapest"]
[Date "1994.??.??"]
[Round "7"]
[White "Schlusnik, Nandor"]
[Black "Csiszar, Csaba"]
[Result "0-1"]
[WhiteElo "2105"]
[BlackElo "2340"]

1.e4 c5 2.Ne2 Nc6 3.Nbc3 e5 4.Nd5 Nce7 5.Nec3 Nxd5 6.Nxd5 Nf6 7.Bc4 a6 8.a4 d6
9.O-O Be6 10.f4 exf4 11.d4 Be7 12.Ra3 O-O 13.Rxf4 Nxd5 14.exd5 Bd7 15.dxc5 dxc5
16.Qh5 g6 17.Rg3 b5 18.Bd3 Bf6 19.Bd2 Qe7 20.Rxf6 Qxf6 21.Bc3 Qf4 22.Bxg6 Qc1+
23.Kf2 fxg6+  0-1

[Event "ARG-ch"]
[Site "Buenos Aires"]
[Date "1994.??.??"]
[Round "4"]
[White "Playa, Marcelo"]
[Black "Scarella, Enrique"]
[Result "1/2-1/2"]
[WhiteElo "2340"]
[BlackElo "2405"]

1.e4 c5 2.Nc3 Nc6 3.Nf3 d6 4.d4 cxd4 5.Nxd4 Nf6 6.Be3 Ng4 7.Bb5 Nxe3 8.fxe3 Bd7
9.Bxc6 bxc6 10.O-O e5 11.Qh5 g6 12.Qf3 Qe7 13.Ndb5 Be6 14.Na3 Bh6 15.Rfd1 O-O
16.Rd3 Rab8 17.Rad1 Rfd8 18.b3 Qh4 19.Qf2 Qxf2+ 20.Kxf2 Bf8 21.Nc4 Bxc4 22.bxc4 Rb2
23.R1d2 Rdb8 24.a3 Be7 25.Na4 Rb1 26.Rd1 Kf8 27.Rxb1 Rxb1 28.Rb3 Rc1 29.Rc3 Bd8
30.Nb2 Ba5 31.Nd3 Rd1 32.Rb3 Rd2+ 33.Kf3 Rxc2 34.c5 dxc5 35.Nxe5 Be1 36.Nd3 Bh4
37.g3 Bf6 38.Rb8+ Kg7 39.e5 Bg5 40.h4 Rc3 41.hxg5 Rxd3 42.Rb7 Kf8 43.Rxa7 Rd5
44.Ke4 c4 45.Ra4  1/2-1/2

[Event "Buenos Aires PRENAJ"]
[Site "Buenos Aires"]
[Date "1994.??.??"]
[Round "7"]
[White "Fiorito, Fabian"]
[Black "Llanos, Guillermo"]
[Result "1-0"]
[WhiteElo "2455"]
[BlackElo "2365"]

1.e4 c5 2.Nc3 Nc6 3.Nf3 d6 4.d4 Bg4 5.d5 Nb8 6.Be2 Nd7 7.Ng5 Bxe2 8.Qxe2 Ngf6
9.f4 h6 10.Nf3 e5 11.dxe6 fxe6 12.O-O Be7 13.e5 Nh7 14.exd6 Bxd6 15.Qxe6+ Qe7
16.Re1 Kf8 17.Qf5+ Qf7 18.Qxf7+ Kxf7 19.Rd1 Ke7 20.Nh4  1-0

[Event "Buenos Aires PRENAJ"]
[Site "Buenos Aires"]
[Date "1994.??.??"]
[Round "8"]
[White "Garbarino, Rodolfo"]
[Black "Quiroga, Facundo"]
[Result "1-0"]
[WhiteElo "2395"]
[BlackElo "2315"]

1.e4 c5 2.Nc3 Nc6 3.Nf3 e5 4.Bc4 d6 5.d3 Be7 6.Ng5 Bxg5 7.Qh5 g6 8.Qxg5 Qxg5
9.Bxg5 h6 10.Bd2 Be6 11.Nd5 Bxd5 12.Bxd5 Nge7 13.Bb3 Nd4 14.f4 Nec6 15.Rf1 Nxb3
16.axb3 Nd4 17.Kd1 Ke7 18.b4 cxb4 19.Bxb4 Ke6 20.Bc3 Nc6 21.Kd2 Rhg8 22.Rf2 f5
23.Raf1 fxe4  1-0

[Event "BUL-ch"]
[Site "BUL"]
[Date "1994.??.??"]
[Round "2"]
[White "Radulski, Julian"]
[Black "Stavrev, Nikolai"]
[Result "0-1"]
[WhiteElo "2375"]
[BlackElo "2245"]

1.e4 c5 2.Nc3 Nc6 3.Bb5 Nd4 4.Bc4 e6 5.Nge2 Ne7 6.O-O Nec6 7.d3 a6 8.Nxd4 cxd4
9.Ne2 Bc5 10.c3 b5 11.Bb3 O-O 12.Bf4 Qe7 13.Rc1 Bb7 14.Qd2 Rac8 15.Bg5 f6
16.Bf4 Kh8 17.Rfe1 e5 18.Bg3 dxc3 19.bxc3 b4 20.Qd1 bxc3 21.Nxc3 Nd4 22.Bc4 Bb4
23.Rf1 Bxc3 24.Rxc3 d5 25.exd5 Bxd5 26.f3 Bxc4 27.Rxc4 Rxc4 28.dxc4 Qc5 29.Qa4 Nxf3+
30.Kh1 Nd2 31.Rd1 Qxc4 32.Qa3 Rc8 33.Bf2 Qe2 34.Qa4 Qxf2 35.Qd7 Rg8 36.Qd3 e4
37.Qxd2 Qxd2 38.Rxd2 Rc8 39.g4 Kg8 40.Kg2 Kf7 41.Kg3 g5 42.Rd7+ Kg6 43.Re7 Rc4
44.h4 gxh4+ 45.Kxh4 Ra4 46.Kg3 h5 47.gxh5+ Kxh5 48.Kf4 Kg6 49.a3 a5 50.Rc7 Rxa3
51.Kxe4 Ra1 52.Rc2 Re1+ 53.Kf4 Re5 54.Rc7 Rb5 55.Rc1 a4 56.Rg1+ Rg5 57.Ra1 Ra5
58.Ra3 f5 59.Rg3+ Kf6 60.Ra3 Ra8 61.Kf3 Kg5 62.Kg3 f4+ 63.Kf2 Kf5 64.Kf3 Ra7
65.Kf2 Kg4 66.Kg2 Ra5 67.Kf2 f3 68.Ke3 Re5+ 69.Kd3 f2  0-1

[Event "BUL-ch"]
[Site "BUL"]
[Date "1994.??.??"]
[Round "7"]
[White "Radulski, Julian"]
[Black "Spasov, Vasil"]
[Result "1-0"]
[WhiteElo "2375"]
[BlackElo "2540"]

1.e4 c5 2.Nc3 Nc6 3.Bb5 Nd4 4.Bc4 e6 5.Nge2 Nf6 6.O-O a6 7.d3 d5 8.exd5 exd5
9.Nxd5 Nxd5 10.Nxd4 cxd4 11.Qh5 Ne7 12.Qxf7+ Kd7 13.Re1 Kc6 14.Bg5 b5 15.Qf3+  1-0

[Event "ESP-chT"]
[Site "Cala Galdana"]
[Date "1994.??.??"]
[Round "?"]
[White "Del Rio de Angeles, Gabriel"]
[Black "Corral Blanco, Juan A"]
[Result "1/2-1/2"]
[WhiteElo "2335"]
[BlackElo "2395"]

1.e4 c5 2.Nc3 Nc6 3.Nge2 d6 4.d4 cxd4 5.Nxd4 Nf6 6.Bc4 e6 7.Be3 Be7 8.Bb3 O-O
9.O-O a6 10.f4 Bd7 11.g4 Nxd4 12.Bxd4 e5 13.fxe5 dxe5 14.Bxe5 Nxg4 15.Bf4 Be6
16.Qxd8 Raxd8 17.Nd5 Bc5+ 18.Kg2 Bd6 19.Bg5 Rd7 20.h3 h6 21.Bd2 Ne5 22.Rad1 Ng6
23.Be1 Be5 24.Bb4 Re8 25.c3 Kh8 26.a4 f5 27.exf5 Bxd5+ 28.Rxd5 Rxd5 29.Bxd5 Nf4+
30.Rxf4 Bxf4 31.Bxb7 a5 32.Bxa5 Rb8 33.Bc6 Rxb2+ 34.Kf3 Bb8 35.Bb4 Rh2 36.a5 Rxh3+
37.Ke4 h5 38.Kd5 Rf3 39.Ke6 Rd3 40.a6 h4 41.Be4 Re3 42.Kd5 h3 43.Bd6 Ba7
44.c4 Re2 45.c5 h2 46.c6 Rxe4 47.Bxh2 Rd4+ 48.Ke6 Bb6 49.Bb8 Ra4 50.a7 Bxa7
51.c7 Rc4 52.Kd7 Bd4 53.c8=Q+ Rxc8 54.Kxc8 Kg8 55.Bf4 Kf7 56.Bg5 Bf6 57.Bf4 Bc3
58.Bg5 Bf6 59.Bf4 Bc3 60.Bg5 Bb4 61.Kd7 Bc5 62.Kc6 Be7 63.Bxe7 Kxe7 64.Kd5 Kf6
65.Ke4 g6  1/2-1/2

[Event "ESP-chT"]
[Site "Cala Galdana"]
[Date "1994.??.??"]
[Round "?"]
[White "Del Rio de Angeles, Gabriel"]
[Black "Estremera Panos, Sergio"]
[Result "0-1"]
[WhiteElo "2335"]
[BlackElo "2345"]

1.e4 c5 2.Nc3 Nc6 3.Nge2 d6 4.d4 cxd4 5.Nxd4 Nf6 6.Bc4 e6 7.Be3 Be7 8.Qe2 a6
9.O-O-O Qc7 10.Bb3 O-O 11.f4 Nxd4 12.Rxd4 Nd7 13.g4 Nc5 14.g5 f5 15.exf5 Rxf5
16.Ne4 Nxe4 17.Rxe4 d5 18.Re5 Rxe5 19.fxe5 Qxe5 20.Qd2 Bd7 21.Re1 Rf8 22.c4 dxc4
23.Qxd7 cxb3 24.Bd2 Bxg5 25.axb3 Qxe1+  0-1

[Event "Calcutta op2"]
[Site "Calcutta"]
[Date "1994.??.??"]
[Round "?"]
[White "Bhattacharyya, P."]
[Black "Saravanan, V."]
[Result "1/2-1/2"]
[WhiteElo "2190"]
[BlackElo "2420"]

1.e4 c5 2.Nf3 Nc6 3.Nc3 e5 4.d3 g6 5.Bg5 f6 6.Be3 d6 7.Qd2 Be6 8.Be2 Nd4
9.O-O Ne7 10.Bd1 Bg7 11.h3 O-O 12.Nh2 Qd7 13.Ne2 d5 14.Ng3 b6 15.c3 Ndc6
16.Ba4 Rad8 17.Qe2 d4 18.cxd4 Nxd4 19.Qd1 Qb7 20.Ne2 Nxe2+ 21.Qxe2 Nc6 22.Rad1 Nd4
23.Bxd4 Rxd4 24.Bb3 Bxb3 25.axb3 f5  1/2-1/2

[Event "Calcutta op2"]
[Site "Calcutta"]
[Date "1994.??.??"]
[Round "?"]
[White "Bhattacharyya, P."]
[Black "Radha, S R."]
[Result "1-0"]
[WhiteElo "2190"]
[BlackElo "2020"]

1.e4 c5 2.Nf3 Nc6 3.Nc3 d6 4.d4 cxd4 5.Nxd4 Nf6 6.Bc4 e6 7.Be3 Be7 8.Qe2 a6
9.O-O-O Qc7 10.Bb3 O-O 11.g4 Nxd4 12.Rxd4 b5 13.g5 Nd7 14.Rg1 Nc5 15.Qh5 Nxb3+
16.axb3 e5 17.Nd5 Qd8 18.Rd3 Be6 19.Bb6 Qd7 20.Nf6+  1-0

[Event "Calcutta op2"]
[Site "Calcutta"]
[Date "1994.??.??"]
[Round "?"]
[White "Al Modiahki, Mohamad"]
[Black "Mitra, Swapan"]
[Result "1-0"]
[WhiteElo "2380"]
[BlackElo "2260"]

1.e4 c5 2.Nf3 Nc6 3.Nc3 g6 4.d4 cxd4 5.Nxd4 Bg7 6.Be3 Nf6 7.Bc4 Qa5 8.O-O O-O
9.Bb3 d6 10.f3 Bd7 11.Qd2 Rfd8 12.Rad1 Rac8 13.Rfe1 e6 14.Ndb5 Ne8 15.Bg5 a6
16.Bxd8 Rxd8 17.Na3 b5 18.Nab1 Rc8 19.a3 Qb6+ 20.Kh1 Na5 21.e5 Nb7 22.exd6 Nexd6
23.Ne4 Nxe4 24.Rxe4 Nc5 25.Re2 Bc6 26.Qe3 Bb7 27.c3 Qc7 28.Ba2 Re8 29.Red2 Bc8
30.Re1 h5 31.Rdd1 Na4 32.Qe2 Rf8 33.Bb3 Nb6 34.Nd2 Bb7 35.Ne4 Nd5 36.Ng5 Nf4
37.Qd2 Bd5 38.Bxd5 Nxd5 39.Rxe6 Nxc3 40.bxc3  1-0

[Event "Calcutta op2"]
[Site "Calcutta"]
[Date "1994.??.??"]
[Round "?"]
[White "Al Modiahki, Mohamad"]
[Black "Bhattacharyya, P."]
[Result "1/2-1/2"]
[WhiteElo "2380"]
[BlackElo "2190"]

1.e4 c5 2.Nf3 Nc6 3.Nc3 g6 4.d4 cxd4 5.Nxd4 Bg7 6.Be3 Nf6 7.Bc4 d6 8.f3 O-O
9.Qd2 Bd7 10.Bb3 Qa5 11.O-O-O Rfc8 12.h4 Ne5 13.Kb1 Nc4 14.Bxc4 Rxc4 15.Nb3 Qc7
16.Bd4 Be6 17.h5 a6 18.hxg6 hxg6 19.g4 Rc8 20.Rh2 b5 21.Rdh1 b4 22.Bxf6 exf6
23.Nd5 Bxd5 24.exd5 f5 25.Rh7 fxg4 26.Rxg7+ Kxg7 27.Qh6+ Kf6 28.Rf1 Ke7 29.Qh4+ Ke8
30.Qh8+  1/2-1/2

[Event "Cannes op"]
[Site "Cannes"]
[Date "1994.??.??"]
[Round "2"]
[White "Sale, Srdjan"]
[Black "Khenkin, Igor"]
[Result "0-1"]
[WhiteElo "2445"]
[BlackElo "2555"]

1.e4 c5 2.Nc3 Nc6 3.Nge2 e6 4.g3 d5 5.exd5 exd5 6.Bg2 d4 7.Nd5 Nge7 8.Nef4 Nxd5
9.Nxd5 Bd6 10.d3 O-O 11.O-O Re8 12.Bd2 Bf5 13.h3 Qd7 14.g4 Be6 15.f4 Bf8
16.c4 dxc3 17.Nxc3 Qxd3 18.f5 Bc4 19.Bf4 Qd4+ 20.Rf2 Nb4 21.Qxd4 cxd4 22.Ne4 Nd3
23.Rff1 Nxb2 24.Rfb1 Nd3 25.Bd6 Rad8 26.Nd2 b5 27.Bc7 Rc8 28.Bg3 Bb4  0-1

[Event "Cappelle op"]
[Site "Cappelle la Grande"]
[Date "1994.??.??"]
[Round "2"]
[White "Pedzich, Dominik"]
[Black "Makarov, Marat"]
[Result "1/2-1/2"]
[WhiteElo "2400"]
[BlackElo "2525"]

1.e4 c5 2.Nf3 Nc6 3.Nc3 d6 4.d4 cxd4 5.Nxd4 Nf6 6.Be2 e5 7.Nb3 Be7 8.O-O O-O
9.f4 a5 10.a4 Nb4 11.Kh1 Bd7 12.Bf3 Qc7 13.Be3 Bc6 14.Qd2 b6 15.Rae1 Qb7
16.Bg1 Rfc8 17.Nc1 exf4 18.N1e2 Nd7 19.Nxf4 Ne5 20.Bd1 Rab8 21.Bd4 Bh4 22.g3 Be7
23.Kg1 Re8  1/2-1/2